भोजन और स्वास्थ्य / (Record no. 67592)
[ view plain ]
| 000 -LEADER | |
|---|---|
| fixed length control field | 00976nam a22003017a 4500 |
| 005 - DATE AND TIME OF LATEST TRANSACTION | |
| control field | 20201023144950.0 |
| 020 ## - INTERNATIONAL STANDARD BOOK NUMBER | |
| Terms of availability | 150.00 |
| International Standard Book Number | 818856401x (भा-1) |
| 020 ## - INTERNATIONAL STANDARD BOOK NUMBER | |
| Terms of availability | 150.00 |
| International Standard Book Number | 818856401x (भा-1) |
| 020 ## - INTERNATIONAL STANDARD BOOK NUMBER | |
| Terms of availability | 150.00 |
| International Standard Book Number | 8188564028 (भा-2) |
| 020 ## - INTERNATIONAL STANDARD BOOK NUMBER | |
| Terms of availability | 8188564028 (भा-2 ) |
| 035 ## - SYSTEM CONTROL NUMBER | |
| System control number | B-143050 |
| 035 ## - SYSTEM CONTROL NUMBER | |
| System control number | B-143044 |
| 035 ## - SYSTEM CONTROL NUMBER | |
| System control number | B-143105 |
| 035 ## - SYSTEM CONTROL NUMBER | |
| System control number | B-143080 |
| 035 ## - SYSTEM CONTROL NUMBER | |
| System control number | B-143045 |
| 035 ## - SYSTEM CONTROL NUMBER | |
| System control number | B-14304 , B-143065 |
| 035 ## - SYSTEM CONTROL NUMBER | |
| System control number | B-143085 |
| 035 ## - SYSTEM CONTROL NUMBER | |
| System control number | B-143038 |
| 037 ## - SOURCE OF ACQUISITION | |
| Source of stock number/acquisition | |
| Stock number | dpl |
| 082 ## - DEWEY DECIMAL CLASSIFICATION NUMBER | |
| Classification number | 613 |
| 100 ## - MAIN ENTRY--PERSONAL NAME | |
| Personal name | कीर्ति, चैतन्य |
| 245 1# - TITLE STATEMENT | |
| Title | भोजन और स्वास्थ्य / |
| Statement of responsibility, etc | चैतन्य कीर्ति |
| 260 ## - PUBLICATION, DISTRIBUTION, ETC. (IMPRINT) | |
| Place of publication, distribution, etc | दिल्ली |
| Name of publisher, distributor, etc | अनमोल साहित्य |
| Date of publication, distribution, etc | 2006 |
| 270 ## - ADDRESS | |
| Address | |
| City | |
| Postal code | |
| Telephone number | |
| 300 ## - PHYSICAL DESCRIPTION | |
| Extent | 2भा.(112पृ.119पृ.) |
| Dimensions | 22सेमी (सजिल्द) |
| 700 ## - ADDED ENTRY--PERSONAL NAME | |
| Personal name | |
| 9 (RLIN) | 48488 |
| 942 ## - ADDED ENTRY ELEMENTS (KOHA) | |
| Institution code [OBSOLETE] | dpl |
| Item type | Hindi Books |
| Call number prefix | |
| Source of classification or shelving scheme | Dewey Decimal Classification |
| Classification part | 613 |
| Call number suffix | कीर्तिचै |
| Withdrawn status | Lost status | Materials specified (bound volume or other part) | Not for loan | Collection code | Home library | Current library | Date acquired | Cost, normal purchase price | Full call number | Barcode | Cost, replacement price | Koha item type | Source of acquisition |
|---|---|---|---|---|---|---|---|---|---|---|---|---|---|
| Non-fiction | Qila Rai Pithora | Qila Rai Pithora | 08/12/2018 | 150.00 | 613 कीर्तिचै | B-143046 | 150.00 | Hindi Books | अनमोल साहित्य | ||||
| Non-fiction | Qila Rai Pithora | Qila Rai Pithora | 08/12/2018 | 150.00 | 613 कीर्तिचै | B-143085 | 150.00 | Hindi Books | अनमोल साहित्य | ||||
| Non-fiction | R.C.Libraries (BL-IV) | R.C.Libraries (BL-IV) | 23/10/2020 | 150.00 | 613 कीर्तिचै | B-143065 | 150.00 | Hindi Books | BPPD/Pub | ||||
| Non-fiction | R.C.Libraries (zls) | R.C.Libraries (zls) | 09/11/2018 | 150.00 | 613 कीर्तिचै | B-143105 | 150.00 | Hindi Books | |||||
| Non-fiction | R.C.Libraries (zls) | R.C.Libraries (zls) | 09/11/2018 | 150.00 | 613 कीर्तिचै | B-143044 | 150.00 | Hindi Books | |||||
| भा-1 | Non-fiction | Sarojini Nagar | Sarojini Nagar | 06/06/2012 | 150.00 | 613 कीर्तिचै | B-143050 | 150.00 | Hindi Books | ||||
| भा-2 | Non-fiction | Sarojini Nagar | Sarojini Nagar | 06/06/2012 | 150.00 | 613 कीर्तिचै | B-143080 | 150.00 | Hindi Books | ||||
| भा-1 | Non-fiction | Sarojini Nagar | Sarojini Nagar | 16/06/2012 | 150.00 | 613 कीर्तिचै | B-143045 | 150.00 | Hindi Books | ||||
| Non-fiction | Sarojini Nagar | Sarojini Nagar | 21/10/2021 | 150.00 | 613 कीर्तिचै | B-143104 | Hindi Books | ||||||
| Non-fiction | Shahdara Branch | Shahdara Branch | 10/12/2018 | 150.00 | 613 कीर्तिचै | B-143038 | 150.00 | Hindi Books |
